[Event "Frankfurt-chA"]
[Site "Frankfurt"]
[Date "2017.05.22"]
[Round "5"]
[White "Winter, Olaf"]
[Black "Ketting, Douwe"]
[Result "1/2-1/2"]
[WhiteElo "1597"]
[BlackElo "1452"]
[PlyCount "52"]
[EventDate "2017.04.24"]
[EventType "swiss"]
[EventRounds "7"]
[EventCountry "GER"]
[SourceTitle "EXT 2018"]
[Source "ChessBase"]
[SourceDate "2017.10.13"]
[SourceVersion "1"]
[SourceVersionDate "2017.10.13"]
[SourceQuality "1"]

1. c4 Nf6 2. Nc3 g6 3. g3 Bg7 4. Bg2 c5 5. e3 e5 6. Nge2 0-0 7. 0-0 Nc6 8. a3 a5 9. b3 Ne7 10. Bb2 d5 11. cxd5 Nfxd5 12. Na4 b6 13. Qc2 Rb8 14. Rad1 Ba6 15. Rfe1 Nc7 16. Bc3 Nb5 17. Qb2 Qc7 18. f4 Nxc3 19. Naxc3 exf4 20. Nxf4 Rfd8 21. Qc2 Bb7 22. e4 Qe5 23. Kh1 Ba6 24. Ncd5 Nc6 25. Qb1 Qb2 26. Qxb2 Bxb2 1/2-1/2

[Event "Frankfurt-chA"]
[Site "Frankfurt"]
[Date "2017.05.08"]
[Round "3"]
[White "Winter, Olaf"]
[Black "Worzelberger, Armin"]
[Result "0-1"]
[WhiteElo "1597"]
[BlackElo "1770"]
[PlyCount "76"]
[EventDate "2017.04.24"]
[EventType "swiss"]
[EventRounds "7"]
[EventCountry "GER"]
[SourceTitle "EXT 2018"]
[Source "ChessBase"]
[SourceDate "2017.10.13"]
[SourceVersion "1"]
[SourceVersionDate "2017.10.13"]
[SourceQuality "1"]

1. c4 e5 2. Nc3 Nc6 3. g3 f5 4. e3 Nf6 5. Nge2 Nb4 6. d3 d5 7. a3 dxc4 8. axb4 cxd3 9. Ng1 e4 10. Nh3 Bd7 11. b5 c6 12. Qb3 cxb5 13. Ng5 Qe7 14. Nxb5 Qb4+ 15. Qxb4 Bxb4+ 16. Nc3 h6 17. Nh3 a5 18. Nf4 Kf7 19. Bd2 Rac8 20. Bg2 g5 21. Nh3 Be6 22. f3 exf3 23. Bxf3 g4 24. Bxb7 Rc7 25. Ba6 gxh3 26. Bxd3 Rd8 27. Bc2 Ng4 28. e4 Bc4 29. Bd1 Rcd7 30. Bxg4 Rxd2 31. Bh5+ Kg7 32. Rd1 Rxb2 33. Rxd8 Bxc3+ 34. Kd1 Ra2 35. Rd7+ Kf8 36. Rd8+ Ke7 37. Re8+ Kf6 38. Rf8+ Kg7 0-1

[Event "Frankfurt-chA"]
[Site "Frankfurt"]
[Date "2017.05.02"]
[Round "2"]
[White "Kuhn, Gerhard"]
[Black "Winter, Olaf"]
[Result "1-0"]
[WhiteElo "1962"]
[BlackElo "1597"]
[PlyCount "63"]
[EventDate "2017.04.24"]
[EventType "swiss"]
[EventRounds "7"]
[EventCountry "GER"]
[SourceTitle "EXT 2018"]
[Source "ChessBase"]
[SourceDate "2017.10.13"]
[SourceVersion "1"]
[SourceVersionDate "2017.10.13"]
[SourceQuality "1"]

1. e4 c5 2. c3 e6 3. d4 cxd4 4. cxd4 g6 5. Nc3 a6 6. Nf3 Bg7 7. Be2 Ne7 8. 0-0 0-0 9. Bg5 h6 10. Bf4 d6 11. Qd2 g5 12. Be3 b5 13. a3 Bb7 14. Ne1 Nbc6 15. f4 gxf4 16. Rxf4 Ng6 17. Rg4 Kh7 18. Nf3 f5 19. exf5 exf5 20. Rg3 f4 21. Rxg6 Kxg6 22. Bd3+ Kf7 23. Bxf4 Nxd4 24. Nxd4 Bxd4+ 25. Kh1 Rg8 26. Ne4 Rg6 27. Bxh6 Kg8 28. Rf1 Qd7 29. Ng3 Rxh6 30. Qxh6 Qg7 31. Qe6+ Kh8 32. Rf5 1-0

[Event "Frankfurt-chA"]
[Site "Frankfurt"]
[Date "2016.06.06"]
[Round "6"]
[White "Winter, Olaf"]
[Black "Leichum, Engelbert"]
[Result "1-0"]
[WhiteElo "1587"]
[BlackElo "1708"]
[PlyCount "65"]
[EventDate "2016.04.25"]
[EventType "swiss"]
[EventRounds "9"]
[EventCountry "GER"]
[SourceTitle "EXT 2018"]
[Source "ChessBase"]
[SourceDate "2017.10.13"]
[SourceVersion "1"]
[SourceVersionDate "2017.10.13"]
[SourceQuality "1"]

1. c4 e5 2. Nc3 Nc6 3. e3 Bb4 4. Nge2 d6 5. a3 Bxc3 6. Nxc3 Nge7 7. Be2 0-0 8. 0-0 Ng6 9. b4 Nce7 10. d4 f5 11. dxe5 Nxe5 12. f4 Ng4 13. h3 Nf6 14. Bb2 c6 15. Qd4 b6 16. Rad1 Ne8 17. e4 c5 18. bxc5 bxc5 19. Qxc5 fxe4 20. Nxe4 Rf5 21. Qd4 Rb8 22. c5 Nc6 23. Qc3 Nf6 24. Nxd6 Qe7 25. Bc4+ Kh8 26. Rfe1 Qc7 27. Nf7+ Kg8 28. Ne5+ Kh8 29. Nxc6 Bb7 30. Nxb8 Qxb8 31. Qd3 Nd5 32. Qxf5 Nxf4 33. Qxf4 1-0

[Event "Frankfurt-chA"]
[Site "Frankfurt"]
[Date "2016.05.09"]
[Round "3"]
[White "Varma, Christopher"]
[Black "Winter, Olaf"]
[Result "1-0"]
[WhiteElo "1655"]
[BlackElo "1587"]
[PlyCount "77"]
[EventDate "2016.04.25"]
[EventType "swiss"]
[EventRounds "9"]
[EventCountry "GER"]
[SourceTitle "EXT 2018"]
[Source "ChessBase"]
[SourceDate "2017.10.13"]
[SourceVersion "1"]
[SourceVersionDate "2017.10.13"]
[SourceQuality "1"]

1. e4 c5 2. Nc3 g6 3. f4 e6 4. Nf3 Bg7 5. e5 a6 6. Ne4 b6 7. Nd6+ Kf8 8. Ng5 Nh6 9. Qf3 Nc6 10. Bd3 Rb8 11. Nge4 Nd4 12. Qf2 f6 13. 0-0 f5 14. Ng5 Qe7 15. c3 Nc6 16. Nxc8 Rxc8 17. Bxa6 Rc7 18. d4 Ng4 19. Qd2 cxd4 20. cxd4 Nb4 21. Be2 Nc2 22. Bxg4 fxg4 23. Rb1 h5 24. Ne4 Bh6 25. b4 Kg7 26. Rb2 Na3 27. Rb3 Nb5 28. a4 Na7 29. b5 Rc4 30. Ba3 Qh4 31. g3 Qd8 32. Nd6 Rxa4 33. Rc1 h4 34. d5 hxg3 35. hxg3 Qa8 36. Rc7 Rf8 37. Rbc3 exd5 38. Rxd7+ Kg8 39. Qh2 1-0

[Event "Frankfurt-chA"]
[Site "Frankfurt"]
[Date "2014.04.28"]
[Round "1"]
[White "Winter, Olaf"]
[Black "Raquet, Helmut"]
[Result "1-0"]
[WhiteElo "1605"]
[BlackElo "1662"]
[PlyCount "59"]
[EventDate "2014.04.28"]
[EventType "swiss"]
[EventRounds "7"]
[EventCountry "GER"]
[SourceTitle "EXT 2015"]
[Source "ChessBase"]
[SourceDate "2014.11.20"]
[SourceVersion "1"]
[SourceVersionDate "2014.11.20"]
[SourceQuality "1"]

1. c4 f5 2. Nc3 Nf6 3. g3 e6 4. Bg2 d5 5. cxd5 exd5 6. e3 c6 7. Nge2 Bd6 8. a3 0-0 9. b4 Bd7 10. Bb2 Qe7 11. Qc2 Ne4 12. 0-0 Be5 13. Rab1 Nd6 14. d3 Kh8 15. Na4 Bxb2 16. Rxb2 Bc8 17. Nd4 Rd8 18. b5 Bd7 19. bxc6 bxc6 20. Nc5 Nc4 21. dxc4 Qxc5 22. cxd5 Qxa3 23. dxc6 Nxc6 24. Nb5 Qe7 25. Bxc6 Rac8 26. Nxa7 Rc7 27. Qa4 Ra8 28. Bxd7 Rxd7 29. Nc6 Qe8 30. Qxa8 1-0

[Event "Frankfurt-ch"]
[Site "Frankfurt"]
[Date "2009.06.29"]
[Round "7"]
[White "Winter, Olaf"]
[Black "Roccasalvo, Giuseppe"]
[Result "1/2-1/2"]
[WhiteElo "1674"]
[BlackElo "1859"]
[PlyCount "53"]
[EventDate "2009.04.27"]
[EventType "tourn"]
[EventRounds "7"]
[EventCountry "GER"]
[SourceTitle "EXT 2010"]
[Source "ChessBase"]
[SourceDate "2010.11.25"]
[SourceVersion "1"]
[SourceVersionDate "2010.11.25"]
[SourceQuality "1"]

1. c4 Nf6 2. Nc3 c5 3. g3 g6 4. Bg2 Bg7 5. e3 0-0 6. Nge2 Nc6 7. a3 Rb8 8. 0-0 d6 9. d3 Bd7 10. h3 a6 11. Rb1 b5 12. cxb5 axb5 13. b4 cxb4 14. axb4 e6 15. d4 Qb6 16. e4 d5 17. Bf4 Rbc8 18. Bd6 Rfd8 19. Bc5 Qb7 20. exd5 exd5 21. g4 Be6 22. f4 Qd7 23. Qd3 Ne4 24. Nxb5 h5 25. gxh5 Nxc5 26. bxc5 Bf5 27. Qf3 1/2-1/2

[Event "Frankfurt-ch"]
[Site "Frankfurt"]
[Date "2009.06.22"]
[Round "6"]
[White "Escher, Helmut"]
[Black "Winter, Olaf"]
[Result "1-0"]
[WhiteElo "2127"]
[BlackElo "1674"]
[PlyCount "63"]
[EventDate "2009.04.27"]
[EventType "tourn"]
[EventRounds "7"]
[EventCountry "GER"]
[SourceTitle "EXT 2010"]
[Source "ChessBase"]
[SourceDate "2010.11.25"]
[SourceVersion "1"]
[SourceVersionDate "2010.11.25"]
[SourceQuality "1"]

1. Nf3 c5 2. g3 e6 3. Bg2 Nc6 4. 0-0 g6 5. d4 cxd4 6. Nxd4 Bg7 7. c3 Nge7 8. Nxc6 bxc6 9. Be3 d5 10. Nd2 0-0 11. Bc5 Re8 12. Qa4 Bd7 13. Rfe1 Nc8 14. Rab1 Nb6 15. Qc2 f5 16. b4 Qf6 17. Rbc1 e5 18. e3 Bh6 19. a4 f4 20. exf4 exf4 21. a5 Bf5 22. Qa2 Nd7 23. Bd4 Qd6 24. b5 Be6 25. bxc6 Nf8 26. Rcd1 Rad8 27. Bxa7 d4 28. c4 Qb4 29. Bb6 Bg4 30. Bxd8 Rxd8 31. Rb1 Qc3 32. Rb3 1-0

[Event "Frankfurt-ch"]
[Site "Frankfurt"]
[Date "2009.05.11"]
[Round "3"]
[White "Winter, Olaf"]
[Black "Jordake, Michael"]
[Result "1-0"]
[WhiteElo "1674"]
[BlackElo "1640"]
[PlyCount "107"]
[EventDate "2009.04.27"]
[EventType "tourn"]
[EventRounds "7"]
[EventCountry "GER"]
[SourceTitle "EXT 2010"]
[Source "ChessBase"]
[SourceDate "2010.11.25"]
[SourceVersion "1"]
[SourceVersionDate "2010.11.25"]
[SourceQuality "1"]

1. c4 Nf6 2. Nc3 e6 3. g3 Nc6 4. Bg2 Bc5 5. e3 0-0 6. a3 e5 7. b4 Be7 8. Bb2 Re8 9. Nge2 Bf8 10. 0-0 d6 11. Qc2 Be6 12. d3 Qc8 13. Nd5 Ng4 14. h3 Nh6 15. Kh2 Ne7 16. b5 Nxd5 17. cxd5 Bf5 18. Rac1 Qd7 19. a4 Rac8 20. e4 Bg6 21. g4 f6 22. f4 Re7 23. f5 Be8 24. d4 Nf7 25. h4 c6 26. Rf3 exd4 27. Bxd4 c5 28. Nf4 a6 29. b6 Qxa4 30. Qxa4 Bxa4 31. Ne6 Nd8 32. g5 Nxe6 33. dxe6 fxg5 34. hxg5 Bc6 35. Bxg7 Rxg7 36. Rg3 h6 37. f6 Rxg5 38. Rd1 Rxg3 39. Kxg3 h5 40. e7 Bh6 41. Rxd6 Re8 42. Bf3 h4+ 43. Kxh4 Bf4 44. Rd8 Be5 45. Kg5 Kf7 46. Bh5+ Ke6 47. Bxe8 Bxf6+ 48. Kf4 Bxe7 49. Rc8 Kd6 50. e5+ Ke6 51. Bxc6 c4 52. Bxb7 c3 53. Rxc3 Bd8 54. Bxa6 1-0

[Event "Frankfurt-ch"]
[Site "Frankfurt"]
[Date "2007.06.04"]
[Round "5"]
[White "Matthis, Peter"]
[Black "Winter, Olaf"]
[Result "1-0"]
[WhiteElo "1785"]
[BlackElo "1571"]
[PlyCount "93"]
[EventDate "2007.04.30"]
[EventType "swiss"]
[EventRounds "7"]
[EventCountry "GER"]
[SourceTitle "EXT 2008"]
[Source "ChessBase"]
[SourceDate "2007.11.25"]
[SourceVersion "1"]
[SourceVersionDate "2007.11.25"]
[SourceQuality "1"]

1. e4 c5 2. Nf3 Nc6 3. d4 cxd4 4. Nxd4 a6 5. Nc3 e6 6. a3 Nge7 7. Be3 g6 8. Qd2 Bg7 9. 0-0-0 b5 10. f4 Bb7 11. Nxc6 Bxc6 12. Bc5 Rc8 13. Bd4 f6 14. g4 d5 15. e5 fxe5 16. fxe5 0-0 17. Qe3 Rf7 18. Bd3 Qf8 19. Kb1 Bh6 20. Qe2 Bb7 21. Rhf1 Nc6 22. Rxf7 Qxf7 23. Bf2 Bf4 24. Bg3 Bxg3 25. hxg3 Rf8 26. Re1 Qf3 27. Qh2 Qxg4 28. Rh1 Rf7 29. Bf1 Qg5 30. Bh3 Qxe5 31. Qd2 Nd8 32. Re1 Qd6 33. Ne4 Qf8 34. Nc3 Bc8 35. Nxd5 exd5 36. Bxc8 Qd6 37. Qd4 Qc6 38. Bh3 Rc7 39. Re2 Nf7 40. Be6 Qc4 41. Qe5 Re7 42. Rf2 Qc7 43. Qxd5 Kg7 44. Qd4+ Ne5 45. Bb3 Qd7 46. Qb6 Qc6 47. Qd8 1-0

[Event "Frankfurt-ch"]
[Site "Frankfurt"]
[Date "2007.05.21"]
[Round "4"]
[White "Winter, Olaf"]
[Black "Makilla, Tobias"]
[Result "1-0"]
[WhiteElo "1571"]
[BlackElo "1923"]
[PlyCount "109"]
[EventDate "2007.04.30"]
[EventType "swiss"]
[EventRounds "7"]
[EventCountry "GER"]
[SourceTitle "EXT 2008"]
[Source "ChessBase"]
[SourceDate "2007.11.25"]
[SourceVersion "1"]
[SourceVersionDate "2007.11.25"]
[SourceQuality "1"]

1. c4 e5 2. Nc3 g6 3. g3 Bg7 4. Bg2 Nc6 5. a3 a5 6. e3 Nf6 7. Nge2 d6 8. d3 0-0 9. 0-0 Bd7 10. b3 Qc8 11. Qd2 Bh3 12. Bb2 Bxg2 13. Kxg2 Qd7 14. Rad1 Rae8 15. h3 Qf5 16. Nb5 Re7 17. e4 Qd7 18. f4 exf4 19. Nxf4 Ne5 20. Qxa5 c6 21. Nd4 Rd8 22. Nf3 Nxf3 23. Rxf3 d5 24. e5 Ne8 25. Qe1 dxc4 26. bxc4 Nc7 27. Re3 Ne6 28. d4 Bh6 29. Nxe6 Qxe6 30. Rc3 Red7 31. Qe4 f6 32. Rcd3 fxe5 33. dxe5 Bg7 34. Rxd7 Rxd7 35. Rxd7 Qxd7 36. Bd4 Qe6 37. Qd3 Qe7 38. Qe3 Qe6 39. Qd3 Kf7 40. Qe3 Kf8 41. c5 Kg8 42. g4 Bf8 43. Kf3 Bg7 44. Ke2 Kf7 45. Kf3 Qd5+ 46. Kf4 Ke6 47. g5 Bh8 48. h4 Bg7 49. Qh3+ Ke7 50. Qe3 Ke6 51. Qc3 Bh8 52. Qb2 Qc4 53. Ke3 Qf1 54. Qb3+ Kf5 55. Qf7+ 1-0